Journal of environmental economics and management

Na minha lista:
Detalhes bibliográficos
Formato: Periódico
Idioma:inglês
Publicado em: New York Academic Press 1981
Tags: Adicionar Tag
Sem tags, seja o primeiro a adicionar uma tag!

MARC

LEADER 00000nas2a22000001 4500
001 s123600
005 20250730114221.8
041 0 |a eng 
044 |a US 
245 1 0 |a Journal of environmental economics and management 
264 1 |a New York  |b Academic Press  |c 1981 
300 |a 1 zv. 
773 0 |w eu_un_cat*s120130